Semblanza gráfica : Carlos Salinas de Gortari : la fuerza de la esperanza /

Semblanza biográfica de Carlos Salinas de Gortari, candidato por el Partido Revolucionario Institucional a la presidencia de la República Mexicana (1988-1994).

Guardado en:
Bibliografiske detaljer
Format: Bog
Sprog:spansk
Udgivet: México : Partido Revolucionario Institucional, 1988
Fag:
Tags: Tilføj Tag
Ingen Tags, Vær først til at tagge denne postø!

MARC

LEADER 00000nam^a2200000^a^4500
001 000020515
005 20250521000000.0
009 20260526113647.127
037 |a Acervo ITESO - Biblioteca 
041 |a ESP 
082 |a 320. 092  |b SEM 
245 1 0 |a Semblanza gráfica :  |b Carlos Salinas de Gortari : la fuerza de la esperanza /  |c Ed. del Partido Revolucionario Institucional. 
264 1 |a México :  |b Partido Revolucionario Institucional,  |c 1988 
300 |a 23 p. 
336 |a texto  |b txt  |2 rdacontenido 
337 |a sin mediación  |b n  |2 rdamedio 
338 |a volumen  |b nc  |2 rdasoporte 
520 |a Semblanza biográfica de Carlos Salinas de Gortari, candidato por el Partido Revolucionario Institucional a la presidencia de la República Mexicana (1988-1994). 
649 |a XX 
650 |a Jefes de Estado Mexicanos -  |x Biografías 
650 |a Políticos Mexicanos -  |x Biografías 
650 |a Política -  |z México -  |x Historia -  |y 1988-1994 
600 |a Salinas de Gortari, Carlos 
910 |a Fondo General 
920 |a Impresos - Libros 
930 |a Colección General 
905 |a 101 
901 |a 0205150100  |b IT1  |c ACC  |i 020515  |u 20250521 
901 |a 0205150200  |b IT1  |c ACC  |i 906267  |u 20250521 
902 |a https://opac.biblio.iteso.mx/vufind/Record/000020515